Score 0/24 Timer 02:00
1 Play Today
% Correct
bop
96.8%
mop
96.7%
cop
95.7%
top
94.9%
hop
94.1%
lop
91.5%
stop
85.7%
drop
84.5%
crop
84.3%
sop
82.9%
flop
82%
clop
78.5%
% Correct
slop
74.8%
fop
71.7%
chop
68.8%
shop
68%
plop
62.6%
prop
59.9%
glop
56.6%
op
37.5%
swap
33.5%
strop
31.7%
whop
20.7%
knop
8.9%
Remove Ads.
Support Sporcle.
Get the best of Sporcle when you Go Orange. This ad-free experience offers more features, more stats, and more fun while also helping to support Sporcle. Thank you for becoming a member.

You're not logged in!

Compare scores with friends on all Sporcle quizzes.
OR
Log In

Show Comments

Extras

Top Quizzes Today


Score Distribution

Your Account Isn't Verified!

In order to create a playlist on Sporcle, you need to verify the email address you used during registration. Go to your Sporcle Settings to finish the process.

Report this User

Report this user for behavior that violates our Community Guidelines.

Details: